Bantara Mula (Record no. 99277)
[ view plain ]
| 000 -LEADER | |
|---|---|
| fixed length control field | 02227nam a2200205Ia 4500 |
| 003 - CONTROL NUMBER IDENTIFIER | |
| control field | OSt |
| 005 - DATE AND TIME OF LATEST TRANSACTION | |
| control field | 20251204100818.0 |
| 008 - FIXED-LENGTH DATA ELEMENTS--GENERAL INFORMATION | |
| fixed length control field | 210210b1995 xxu||||| |||| 00| 0 eng d |
| 040 ## - CATALOGING SOURCE | |
| Transcribing agency | AL |
| 041 ## - LANGUAGE CODE | |
| Language code of text/sound track or separate title | kan |
| 082 ## - DEWEY DECIMAL CLASSIFICATION NUMBER | |
| Classification number | 305.895487K SHEB |
| 100 ## - MAIN ENTRY--PERSONAL NAME | |
| Personal name | SHETTY (Shiroor Shivarama) |
| 9 (RLIN) | 163589 |
| Dates associated with a name | ಶೆಟ್ಟಿ (ಶಿರೂರು ಶಿವರಾಮ) |
| 245 ## - TITLE STATEMENT | |
| Title | Bantara Mula |
| Remainder of title | ಬಂಟರ ಮೂಲ |
| 260 ## - PUBLICATION, DISTRIBUTION, ETC. | |
| Place of publication, distribution, etc. | Mangaluru. |
| Name of publisher, distributor, etc. | Bantara Yane Nadavara Sangha., |
| Date of publication, distribution, etc. | 1995 |
| 300 ## - PHYSICAL DESCRIPTION | |
| Extent | 90 |
| 520 ## - SUMMARY, ETC. | |
| Summary, etc. | ಬಂಟರು ತುಳುನಾಡಿನ ಒಂದು ವಿಶಿಷ್ಟ ಜನಾಂಗ. ಹಿಂದೆ ಈ ಜಿಲ್ಲೆಯಲ್ಲಿ ಹೆಚ್ಚಿನ ಭೂಮಿ ಒಡೆತನ ಇದ್ದವರು. ಕೃಷಿ ಪ್ರಧಾನ ಕಸುಬಾದರೂ ವ್ಯಾಪಾರ ವಹಿವಾಟುಗಳನ್ನು ಮಾಡಿದವರು. ಧೈರ್ಯಶಾಲಿಗಳೂ ಬಲಿಷ್ಟರೂ ಮತ್ತು ಯೋಧರೂ ಆಗಿ ಮೆರೆದವರು. ಗ್ರಾಮೀಣ ಆಡಳಿತೆಯನ್ನು ಇತ್ತೀಚೆಗಿನವರೆಗೂ ತಮ್ಮ ಹಿಡಿತದಲ್ಲಿ ಇಟ್ಟುಕೊಂಡವರು. ದೈವ ದೇವಸ್ಥಾನಗಳನ್ನು ಕಟ್ಟಿಸಿ, ಅವುಗಳ ಆಡಳಿತ ನಡೆಸಿದವರು. ದಕ್ಷಿಣ ಕನ್ನಡದಲ್ಲಿ ಪ್ರಾಚೀನ ಕಾಲದಲ್ಲಿ ಎಲ್ಲಾ ಜನಾಂಗಗಳ ನಾಯಕರಾಗಿದ್ದು ಅವರ ಕಷ್ಟಸುಖಗಳಲ್ಲಿ ಸ್ಪಂದಿಸಿ ಸಾಮಾಜಿಕ ಸ್ವಾಸ್ಥ್ಯ ಕಾಪಾಡಿಕೊಂಡು ಬಂದವರು. ಈ ವಿಶಿಷ್ಟ ಜನಾಂಗದವರು ಯಾರು? ಅವರು ತುಳುನಾಡಿನ ಮೂಲ ಜನಾಂಗಗಳಲ್ಲಿ ಒಂದು ಪಂಗಡದವರೇ ಅಥವಾ ದೇಶದ ಇತರ ಭಾಗಗಳಿಂದ ಪ್ರಾಚೀನಕಾಲದಲ್ಲಿ ವಲಸೆ ಬಂದು ಇಲ್ಲಿ ನೆಲೆಸಿದವರೇ ಎನ್ನುವ ವಿಷಯ ಇನ್ನೂ ಪ್ರಶ್ನೆಯಾಗಿಯೇ ಉಳಿದಿದೆ |
| 690 ## - LOCAL SUBJECT ADDED ENTRY--TOPICAL TERM (OCLC, RLIN) | |
| Topical term or geographic name as entry element | Ethnic Groups |
| 9 (RLIN) | 163590 |
| 906 ## - LOCAL DATA ELEMENT F, LDF (RLIN) | |
| a | 050937 |
| 942 ## - ADDED ENTRY ELEMENTS (KOHA) | |
| Source of classification or shelving scheme | Dewey Decimal Classification |
| Koha item type | Book |
| Withdrawn status | Lost status | Damaged status | Not for loan | Collection code | Home library | Current library | Shelving location | Date acquired | Source of acquisition | Cost, normal purchase price | Total Checkouts | Full call number | Barcode | Date last seen | Price effective from | Koha item type |
|---|---|---|---|---|---|---|---|---|---|---|---|---|---|---|---|---|
| St Aloysius Library | St Aloysius Library | 02/17/2021 | Athree Book Centre, Mangalore-01. | 75.00 | 305.895487K SHEB | 050937 | 02/17/2021 | 02/17/2021 | Book |